Gramática latina, (Registro nro. 73775)

Detalles MARC
000 -ENCABEZADO
Número de control [NR] 01803nam a2200265Ia 4500
005 - FECHA Y HORA DE LA ÚLTIMA TRANSACCIÓN
control field 20200228114050.0
008 - DE LONGITUD FIJA DE DATOS DE ELEMENTOS - INFORMACIÓN GENERAL
Elementos de longitud fija [NR] 130821s1841 fr fr 1 mul
040 ## - FUENTE DE CATALOGACION [NR]
Agencia de catalogación original [NR] Co-BoUCM
Idioma de catalogación [NR] spa
Quien Cataloga Sandra Yazo
Quien Clasifica Sandra Yazo
041 0# - CODIGO DE IDIOMA [R]
Código de idioma para texto/pista de sonido o título separado [R] Español
-- Latín
082 04 - NUMERO DE CLASIFICACION DECIMAL DEWEY [R]
Número de clasificación [R] 475
Número de la edición [NR] 20
092 ## - SIGNATURA TOPOGRAFICA LOCAL
Número de clasificación local E11N012
100 1# - ASIENTO PRINCIPAL--NOMBRE PERSONAL [NR]
Nombre personal [NR] Iriarte, Juan de
Fechas asociadas con el nombre [NR] 1702-1771
ID Autoridad 99957
245 10 - MENCION DE TITULO [NR]
Título [NR] Gramática latina,
Parte restante del título [NR] escrita con nuevo método y nuevas observaciones en verso castellano, con su explicación en prosa
Mención de responsabilidad, etc. [NR] Por D. Juan de Iriarte
250 ## - MENCION DE EDICION [NR]
Mención de edición [NR] Nueva edición
Resto de la mención de edición [NR] corregida con esmero
260 ## - PUBLICACION, DISTRIBUCION, ETC. (PIE DE IMPRENTA) [R]
Lugar de publicación, distribución, etc. [R] París (Francia)
-- México (México)
Nombre del editor, distribuidor, etc. [R] Librería de Rosa y Librería de Galván
-- Imprenta Schneider y Langrand
Fecha de publicación, distribución, etc. [R] 1841
300 ## - DESCRIPCION FISICA [R]
Extensión [R] xvi, 368 páginas
Dimensiones [R] 18 x 11 cm.
500 ## - NOTA GENERAL [R]
Nota general [NR] Detalles físicos: Encuadernación rígida en cartón forrado en cuero. Lomo con adornos en dorado. Tapas con recuadro en dorado. Cuero con roturas y raspaduras. Guardas en papel de agua. Hoja de cortesía desprendida. Anteportada. Portada impresa en una sola tinta, con anotación de propiedad (Manuel J. Madiedo) y sello de tinta. Texto impreso en una sola columna con varios tipos y tamaños de letra, párrafos numerados. Notas al final de página y de cada regla. Texto en versos, con notas explicativas en prosa. Cortes decorados. Hojas de cortesía desprendidas. Ejemplar empieza a desencuadernarse
505 0# - NOTA DE CONTENIDO CON FORMATO PREESTABLECIDO [R]
Nota de contenido con formato preestablecido [NR] Advertencia ; Prólogo ; La etimología ; Sintaxis: Definición y división ; Sintaxis propia y sintaxis figurada ; Ortografía ; Prosodia ; Compendio de métrica: Pies, versos, figuras poéticas
506 ## - NOTA DE RESTRICCIONES DE ACCESO [R]
Condiciones de acceso [NR] Consulta en sala
546 ## - NOTA DE IDIOMA [R]
Nota de idioma [NR] Texto en español y latín
650 #7 - ASIENTO SECUNDARIO DE MATERIA - TERMINO TEMATICO [R]
Término temático o nombre geográfico como elemento de entrada [NR] Gramática
Subdivisión general [R] Latín
9 (RLIN) 16516
650 #7 - ASIENTO SECUNDARIO DE MATERIA - TERMINO TEMATICO [R]
Término temático o nombre geográfico como elemento de entrada [NR] Latín
Subdivisión general [R] Enseñanza
9 (RLIN) 18289
690 ## - ASUNTO AGREGADO LOCAL DE ENTRADA - TÉRMINO TEMÁTICO (OCLC, RLIN)
Acceso temático local Teoría lingüística
9 (RLIN) 440
942 ## - ELEMENTOS DE ENTRADA AGREGADOS (KOHA)
Tipo de ítem principal el descrito en 300a Libro
Tema principal 12
Edición 1
Sistema de clasificación LOCAL
Clasificación E11N012
Existencias
Suprimido Perdido Sistema de clasificación Dañado No prestable Tipo de ítem específico Ubicación habitual Ubicación actual Localización Fecha de creación Forma de adquisición Costo Total préstamos Signatura topográfica Código de barras Última vez visto Ejemplar Price effective from Tipo de ítem
    LOCAL     Libro archivo Archivo Histórico Archivo Histórico Archivo histórico 28/02/2014 Donación 0.00   E11N012 L001659 15/12/2012 Ej.1 03/02/2013 Libro